000 00345nam a2200133Ia 4500
008 240624s9999 xx 000 0 und d
041 _aeng
082 _a658.314 LOT
100 _aLOTHERINGTON WAYNE
245 _aFLICKING YOUR CRIEATIVE SWITCH DEVELOPIN
260 _c2003
_aSingapore
_bJohn Wiley
300 _a161 : p. : cm. ; 22
365 _cRS
999 _c2152
_d2152